Tiempo y sentido: una reflexión sobre las dificultades que se le plantean al pensamiento que cree posible concebir el tiempo

Wedi'i Gadw mewn:
Manylion Llyfryddiaeth
Prif Awdur: Sánchez, Antonio (Awdur)
Fformat: Llyfr
Iaith:Sbaeneg
Cyhoeddwyd: Madrid Biblioteca Nueva 1998
Cyfres:Colección Razón y Sociedad, 2
Pynciau:
Tagiau: Ychwanegu Tag
Dim Tagiau, Byddwch y cyntaf i dagio'r cofnod hwn!

MARC

LEADER 00000nam a2200000 a 4500
001 UCL9054
003 CL-VaPUC
008 040716e19980000SP |||||||||||||||||spa|d
020 |a 8470306103 
082 0 4 |a 115  |b SAN  |2 21 
100 0 |a Sánchez, Antonio  |e author  |9 486957 
245 1 0 |a Tiempo y sentido: una reflexión sobre las dificultades que se le plantean al pensamiento que cree posible concebir el tiempo 
300 |a 348 p 
942 |c BK 
945 |d 20040716 00:00:00  |a cmena 
260 |a Madrid  |b Biblioteca Nueva  |c 1998 
650 0 |a Metafísica  |9 265649 
650 0 |a Escuelas filosóficas   |9 266232 
650 0 |a Tiempo   |9 267892 
583 |a last modification  |c 20040716 00:00:00  |k Rodrigo Vera 
490 0 |a Colección Razón y Sociedad, 2 
999 |c 310051  |d 310049 
952 |0 0  |1 0  |4 0  |6 115_000000000000000_SAN_1998  |7 0  |8 A  |9 378083  |a BIBEDU  |b BIBEDU  |d 2019-11-21  |i 4036336  |o 115 SAN 1998  |p 4036336  |r 2019-11-21  |w 2019-11-21  |y BK  |k FIL